| 000 | 00465nam a22001337a 4500 | ||
|---|---|---|---|
| 008 | 160416b xxu||||| |||| 00| 0 eng d | ||
| 082 |
_22005 _aUT 0138 _bM41 |
||
| 100 |
_95745 _aMatab, Charles M. |
||
| 245 |
_aPolitical Cynicism of public high school students in Digos City/ _cCharles M. Matab |
||
| 260 |
_aDigos City: _bUMDC _cNovember 2005. |
||
| 300 |
_a56 pages. _c29 cm. |
||
| 650 | 0 |
_95746 _aLiberal Arts _vPolitical Science _xUndergraduate thesis. |
|
| 942 |
_2ddc _cUT |
||
| 999 |
_c1810 _d1810 |
||